000 00550nam a22001697a 4500
999 _c60584
_d60584
005 20230912150745.0
008 230912s2011 enk||||| |||| 00| 0 eng d
020 _a9649196056
041 _aeng
080 _a94(55) Sh-53
100 _aShahbazi, A Shapur
_919808
245 _aThe authoritative guide to Persepolis /
_cA Shapur Shahbazi.
264 _aTehran,
_c2011.
300 _a240 p. :
_bill.;
_c21 cm.
653 _aპერსეპოლისის ავტორიტეტული გზამკვლევი
942 _2udc
_cBK